| 000 | 00371 a2200133 4500 | ||
|---|---|---|---|
| 020 | _a9788178843834 | ||
| 090 |
_c328 _d328 |
||
| 100 | _aMathur, Vipin | ||
| 245 |
_aConsumer Behaviour _bChallenges of new millennium markets _cMathur, Vipin |
||
| 250 | _a1st ed | ||
| 260 |
_aNew Delhi _bCyber Tech Publications _c2008 |
||
| 300 | _a284 p. | ||
| 942 |
_aNBS _cBK _k658.8342 MAT |
||
| 999 |
_c342897 _d342897 |
||